İlk Okuma - Atlar ve Midilliler/ (Record no. 200451911)
[ view plain ]
| 000 -LEADER | |
|---|---|
| fixed length control field | 01759nam a2200385 a 4500 |
| 003 - CONTROL NUMBER IDENTIFIER | |
| control field | TR-IsYBT |
| 005 - DATE AND TIME OF LATEST TRANSACTION | |
| control field | 20230210103154.0 |
| 007 - PHYSICAL DESCRIPTION FIXED FIELD--GENERAL INFORMATION | |
| fixed length control field | t |
| 008 - FIXED-LENGTH DATA ELEMENTS--GENERAL INFORMATION | |
| fixed length control field | 130930s2011$$$$tu#a###$r01###$$$$#tur u |
| 020 ## - INTERNATIONAL STANDARD BOOK NUMBER | |
| International Standard Book Number | 9789754034172 |
| Terms of availability | TL3,50 |
| 040 ## - CATALOGING SOURCE | |
| Original cataloging agency | BİLGEM |
| Language of cataloging | tur |
| Description conventions | rda |
| Transcribing agency | BİLGEM |
| 041 0# - LANGUAGE CODE | |
| Language code of text/sound track or separate title | Türkçe |
| 044 ## - COUNTRY OF PUBLISHING/PRODUCING ENTITY CODE | |
| ISO country code | tu |
| 049 ## - LOCAL HOLDINGS (OCLC) | |
| Holding library | BİLGEM |
| 050 00 - LIBRARY OF CONGRESS CALL NUMBER | |
| Classification number | SF302.M55 |
| 090 00 - LOCALLY ASSIGNED LC-TYPE CALL NUMBER (OCLC); LOCAL CALL NUMBER (RLIN) | |
| Classification number (OCLC) (R) ; Classification number, CALL (RLIN) (NR) | SF302.M55 2011 |
| 100 1# - MAIN ENTRY--PERSONAL NAME | |
| Personal name | Milbourne, Anna. |
| 245 1# - TITLE STATEMENT | |
| Title | İlk Okuma - Atlar ve Midilliler/ |
| Statement of responsibility, etc. | Anna Milbourne ; translated by Barış Bıçakçı. |
| 250 ## - EDITION STATEMENT | |
| Edition statement | 3. basım |
| 264 #1 - PRODUCTION, PUBLICATION, DISTRIBUTION, MANUFACTURE, AND COPYRIGHT NOTICE | |
| Place of production, publication, distribution, manufacture | Ankara : |
| Name of producer, publisher, distributor, manufacturer | TÜBİTAK, |
| Date of production, publication, distribution, manufacture, or copyright notice | 2011. |
| 300 ## - PHYSICAL DESCRIPTION | |
| Extent | ii, 33 p. : |
| Other physical details | col. ill. ; |
| Dimensions | 21 cm |
| 336 ## - CONTENT TYPE | |
| Content type term | metin |
| Content type code | txt |
| Source | rdacontent |
| 337 ## - MEDIA TYPE | |
| Media type term | aracısız |
| Media type code | n |
| Source | rdamedia |
| 338 ## - CARRIER TYPE | |
| Carrier type term | cilt |
| Carrier type code | nc |
| Source | rdacarrier |
| 490 0# - SERIES STATEMENT | |
| Series statement | TÜBİTAK popüler bilim kitapları 258. |
| -- | Erken çocukluk kitaplığı - 7 yaş +. |
| 500 ## - GENERAL NOTE | |
| General note | Includes index. |
| 505 ## - FORMATTED CONTENTS NOTE | |
| Formatted contents note | Doğada atlar nasıl yaşar? Yabani atlar nasıl evcilleştirilir? Atların ayaklarına niçin nal çakılır? Bu kitapta bu dost hayvanlarla ilgili bunlara benzer pek çok sorunuza cevap bulacaksınız. |
| -- | İçindekiler: |
| -- | Yabani atlar |
| -- | Sürüde yaşam |
| -- | Kıllar ve kuyruklar |
| -- | Koşmak |
| -- | Taylar |
| -- | Büyümek |
| -- | Atlar konuşuyor |
| -- | Temizlik |
| -- | İnsanlara güvenmek |
| -- | Atları eğitmek |
| -- | Ahırda yaşam |
| -- | Ata binmek |
| -- | Çalışan atlar |
| -- | Güçlü atlar |
| -- | Sözlük |
| -- | Dizin. |
| 650 #0 - SUBJECT ADDED ENTRY--TOPICAL TERM | |
| Topical term or geographic name entry element | Horses -- Juvenile literature. |
| Topical term or geographic name entry element | Ponies -- Juvenile literature. |
| 700 1# - ADDED ENTRY--PERSONAL NAME | |
| Personal name | Bıçakçı, translated by Barış |
| 830 0# - SERIES ADDED ENTRY--UNIFORM TITLE | |
| Uniform title | TÜBİTAK popüler bilim kitapları 258. |
| -- | Erken çocukluk kitaplığı - 7 yaş +. |
| 856 40 - ELECTRONIC LOCATION AND ACCESS | |
| Uniform Resource Identifier | <a href="https://kutuphane.mam.gov.tr/yordambt/yordam.php?sayfa=sayfaArama&aDemirbas=B008211">https://kutuphane.mam.gov.tr/yordambt/yordam.php?sayfa=sayfaArama&aDemirbas=B008211</a> |
| Uniform Resource Identifier | <a href="http://www.kitap.tubitak.gov.tr">http://www.kitap.tubitak.gov.tr</a> |
| 902 ## - LOCAL DATA ELEMENT B, LDB (RLIN) | |
| a | B008211 |
No items available.
